| 000 | 00727nam#a22002415a#4500 | ||
|---|---|---|---|
| 001 | 1045 | ||
| 008 | 100312s2008####ag#a###g######001#0#spa#d | ||
| 245 | 1 | 0 |
_a50 años del Departamento de Agronomía : _bUniversidad Nacional del Sur / _cUniversidad Nacional del Sur. |
| 250 | _a1ª ed. | ||
| 260 |
_aBahía Blanca : _bEDIUNS, _c2008. |
||
| 300 |
_a191 p. : _bfot. byn., grafs. ; _c22 cm. |
||
| 500 | _aContiene apéndice de fotos. | ||
| 020 | _a9789876550048 | ||
| 110 | 2 | _aUniversidad Nacional del Sur. | |
| 080 | _a378(091) | ||
| 084 | _aU42 | ||
| 653 | _aHistoria de la enseñanza superior | ||
| 653 | _aEnseñanza superior | ||
| 040 |
_aAR-ClEAG _cAR-ClEAG |
||
| 005 | 20241107184656.0 | ||
| 003 | AR-ClEAG | ||
| 942 | _cBK | ||
| 999 |
_c1045 _d1045 |
||
| 980 |
_62 _aEvangelina Gallicchio _82 _gEvangelina Gallicchio |
||